Tabel tarip padjak pendapatan, 1968, (Record no. 89236)

MARC details
000 -LEADER
fixed length control field 00580cam a22002171 4500
001 - CONTROL NUMBER
control field sa 68020079
003 - CONTROL NUMBER IDENTIFIER
control field DLC
005 - DATE AND TIME OF LATEST TRANSACTION
control field 20260227112722.0
008 - FIXED-LENGTH DATA ELEMENTS--GENERAL INFORMATION
fixed length control field 750106s1968 xx 000 0 ind
010 ## - LIBRARY OF CONGRESS CONTROL NUMBER
LC control number sa 68020079
035 ## - SYSTEM CONTROL NUMBER
System control number (OCoLC)1131704
040 ## - CATALOGING SOURCE
Original cataloging agency DLC
Transcribing agency OAU
Modifying agency DLC
042 ## - AUTHENTICATION CODE
Authentication code premarc
050 00 - LIBRARY OF CONGRESS CALL NUMBER
Classification number HJ4764
Item number .T33
100 1# - MAIN ENTRY--PERSONAL NAME
Personal name Taroenoprawiro, S.
245 10 - TITLE STATEMENT
Title Tabel tarip padjak pendapatan, 1968,
Statement of responsibility, etc. oleh S. Taroenoprawiro.
260 ## - PUBLICATION, DISTRIBUTION, ETC.
Place of publication, distribution, etc. [n.p.,
Date of publication, distribution, etc. 1968]
300 ## - PHYSICAL DESCRIPTION
Extent 56 p.
Dimensions 35 cm.
500 ## - GENERAL NOTE
General note Cover title.
650 #0 - SUBJECT ADDED ENTRY--TOPICAL TERM
Topical term or geographic name entry element Income tax
Geographic subdivision Indonesia
General subdivision Rates and tables.

No items available.

Powered by Koha